00645nam a2200169 a 450000100100000000500170001000800410002704000250006808200150009310000320010824500760014026000920021630000280030804900090033695201130034599900170045800002429320200930022901.0110126s1981 dr a 000 0 spa d aDO-SdBNPbspacBNPHU axxxbR838g1 aRosso, Dulce María94986110aGuía metodológica de expresión dinámica /cDulce María Rosso. aSanto Domingo :bSecretaría de Estado de Educación, Bellas Artes y Cultos ;,c1981. a140 p. :bil. ;c22 cm. aBNPD 0010718PDaPDbPDcCTd2011-01-26iLF1l0oxxx R838gp24293-10r2020-06-25w2020-06-25yLFPDZNo se presta c23786d23786